|
|
|
|
| LEADER |
00000nam0a2200000 4500 |
| 001 |
314550 |
| 005 |
20231102002705.0 |
| 035 |
|
|
|a (RuTPU)RU\TPU\book\339971
|
| 090 |
|
|
|a 314550
|
| 100 |
|
|
|a 20160217d1966 km y0rusy50 ca
|
| 101 |
0 |
|
|a rus
|
| 102 |
|
|
|a RU
|
| 105 |
|
|
|a a z 001zy
|
| 200 |
1 |
|
|a Теория ракетного двигателя на твердом топливе
|f Я. М. Шапиро, Г. Ю. Мазинг, Н. Е. Прудников
|
| 210 |
|
|
|a Москва
|c Воениздат
|d 1966
|
| 215 |
|
|
|a 256 с.
|c ил.
|
| 320 |
|
|
|a Библиография в конце глав.
|
| 606 |
1 |
|
|a Ракетные двигатели на твердом топливе
|x Расчет на прочность
|2 stltpush
|3 (RuTPU)RU\TPU\subj\23727
|9 48265
|
| 610 |
1 |
|
|a ракетные топлива
|
| 610 |
1 |
|
|a заряды
|
| 610 |
1 |
|
|a характеристики
|
| 610 |
1 |
|
|a баллистика
|
| 610 |
1 |
|
|a настройки
|
| 610 |
1 |
|
|a тепловая защита
|
| 610 |
1 |
|
|a теплообмен
|
| 675 |
|
|
|a 621.454.3
|v 3
|
| 700 |
|
1 |
|a Шапиро
|b Я. М.
|
| 701 |
|
1 |
|a Мазинг
|b Г. Ю.
|
| 701 |
|
1 |
|a Прудников
|b Н. Е.
|
| 801 |
|
1 |
|a RU
|b 63413507
|c 20160217
|
| 801 |
|
2 |
|a RU
|b 63413507
|c 20160516
|g RCR
|
| 942 |
|
|
|c BK
|